02183 a2200193 45000010006000000050017000060080041000230030015000640400040000790800085001192450077002040200022002812640070003033000019003735051464003920410008018561000026018648560099018906065420260407155858.0260407a2014 arg spa dAR-UNSa-BCEJYS aAR-UNSa-BCEJYSbspacAR-UNSa-BCEJYS a330.342.146xEconomía social de mercado. Economía del estado del bienestar 10aLa economía social desde la periferiapContribuciones latinoamericanas a978-987-630-174-9 1aLos Polvorines :bUniversidad Nacional de General Sarmientoc2014 a413 p.c22 cm. a1. Economía solidaría. Un modo de producción y distribución / Paul Singer - 2. La economía solidaria y el capitalismo en la perspectiva de las transacciones históricas / Luiz Inácio Gaiger – 3. La economía popular, asociativa y autogestionaria / Orlando Núñez S. – 4. ¿Sistemas alternativos de producción? / Aníbal Quijano – 5. Una perspectiva alternativa para la economía social: de la economía popular a la economía del trabajo / José Luis Coraggio – 6. Pedagogía (s) de la producción asociada: ¿hacia dónde camina la economía popular? / Lía Tiriba – 7. Posibilidades y límites de la economía solidaria latinoamericana / Mario Pochmann – 8. Economía solidaria y la nueva centralidad del trabajo asociado / Pedro Cláudio Cunca Bocayuva – 9. ¿Es posible otra economía? El caso de las asambleas vecinales y la recuperación de empresas en la Argentina reciente / Alberto M. Federico-Sabaté – 10. La economía de solidaridad: concepto, realidad y proyecto / Luis Razeto Migliaro – 11. Un mundo diferente es posible. La reconstrucción del régimen de propiedad desde abajo, en la perspectiva de la vida y del bien común / Ulrich Duchrow y Franz J. Hinkelammert – 12. Economía solidaria: una reflexión a la luz de la ética cristiana / Armando de Melo Lisboa – 13. Sentido ético de la rebelión maya de 1994 en Chiapas (Dos “juegos de lenguaje”) / Enrique Dussel -  aspa1 aCoraggio, José Luis41uhttps://www.biblioeco.unsa.edu.ar/pmb/images/libros/L129290.jpgyImagen de portadaqimage/jpeg